00922cam a2200277 a 4500001000500000005001700005020001500022040002300037050002400060082001200084100002400096245008300120260003400203300004000237490003000277500002400307500002900331505000800360520013500368521002000503521002000523650002600543650002000569650002300589700003200612143520230908160118.0 a0439025591 aDLCcDLCdDLCbeng00aPZ7.O81167bSe 200500aFic2221 aOsborne, Mary Pope.10aSeason of the sandstorms cby Mary Pope Osborne ; illustrated by Sal Murdocca. aNew York :bScholasticc2005. a106 pages :billustrations ;c20 cm aMagic Tree HousevBook 34 a"A Merlin mission." a"A Stepping Stone book." aN  aGuided by a magic rhyme, Jack and Annie travel to ancient Baghdad on a mission to help the Caliph disseminate wisdom to the world. a580 bLexile  aN bRaz-Plus  1aTime travelvFiction. 1aMagicvFiction. 1aSiblingsvFiction.1 aMurdocca, Saleillustrator